000 00656nam a2200277Ia 4500
005 20260324150841.0
008 008 260324s9999 xx 000 0 eng d
020 _a9780203705360
037 _aEBOOK
040 _aCRL
040 _beng
040 _cCRL
041 _2eng
041 _aeng
084 _qCRL
100 _aMaurice Hamblin Smith
_91227838
245 0 _aRevival: The Psychology of the Criminal (1933)
260 _bTaylor and Francis
260 _c1933
365 _a
365 _b240
856 _uhttp://www.taylorfrancis.com/books/9780203705360
942 _cEBOOK
999 _c1838009
_d1838009